Female coming-of-age films - Statistics

General Stats
  • This quiz has been taken 20 times
  • The average score is 13 of 44
Answer Stats
Picture Answer % Correct
Juno
88%
Mean Girls
82%
Freaky Friday
76%
My Girl
76%
Clueless
71%
Casper
65%
The Sisterhood of the Traveling Pants
59%
Inside Out
53%
Little Women
53%
Turning Red
53%
Just Another Girl on the I.R.T.
47%
Lady Bird
47%
Pretty in Pink
47%
Mermaids
41%
The Edge of Seventeen
41%
But I'm a Cheerleader
35%
Thirteen
35%
Are You There God? It’s Me, Margaret.
29%
Booksmart
24%
Fast Times at Ridgemont High
24%
Now and Then
24%
The Baby-sitters Club
24%
Welcome to the Dollhouse
24%
Yes, God, Yes
24%
Akeelah and the Bee
18%
American Honey
18%
Eighth Grade
18%
Real Women Have Curves
18%
Beasts of the Southern Wild
12%
Harriet the Spy
12%
Mystic Pizza
12%
Palo Alto
12%
The Man in the Moon
12%
The Miseducation of Cameron Post
12%
To Kill a Mockingbird
12%
Wish You Were Here
12%
Blockers
6%
A Little Princess
0%
Heavenly Creatures
0%
Never Rarely Sometimes Always
0%
Pariah
0%
Teen Witch
0%
The Diary of Anne Frank
0%
Tomboy
0%
No matching quizzes found
Score Distribution
Percent of People with Each Score
Percentile by Number Answered
Your Score History
You have not taken this quiz